Postupy účtovania pre obce a ROPO od 1. januára 2024

Ministerstvo financií SR vydalo 7. decembra 2023 opatrenie č. MF/014915/2023-361, ktorým sa od 1. januára 2024 mení a dopĺňa opatrenie MF SR zo dňa 12. decembra 2022 č. MF/014454/2022-36, ktorým sa ustanovujú podrobnosti o postupoch účtovania a rámcovej účtovnej osnove pre obce, VÚC a nimi zriadené...

Ausführliche Beschreibung

Gespeichert in:
Bibliographische Detailangaben
1. Verfasser: Macháčová, Tatiana
Format: Buchkapitel
Sprache:Slowakisch
Schlagworte:
Tags: Tag hinzufügen
Keine Tags, Fügen Sie das erste Tag hinzu!

MARC

LEADER 00000naa a2200000 4500
001 0298977
005 20240417075302.3
041 0 |a slo 
044 |a SK 
245 1 0 |a Postupy účtovania pre obce a ROPO od 1. januára 2024  |c Tatiana Macháčová 
520 |a Ministerstvo financií SR vydalo 7. decembra 2023 opatrenie č. MF/014915/2023-361, ktorým sa od 1. januára 2024 mení a dopĺňa opatrenie MF SR zo dňa 12. decembra 2022 č. MF/014454/2022-36, ktorým sa ustanovujú podrobnosti o postupoch účtovania a rámcovej účtovnej osnove pre obce, VÚC a nimi zriadené RO a PO. V príspevku sa rozoberajú zmeny v jednotlivých paragrafoch. 
610 2 0 |a zákony 
610 2 0 |a účtovanie 
610 2 0 |a obce 
610 2 0 |a opatrenia 
610 2 0 |a organizácie rozpočtové 
610 2 0 |a organizácie príspevkové 
100 1 |a Macháčová, Tatiana